000 00849cam a22002893a 4500
001 1769
003 PGUSA
005 20140828083006.0
008 990601s1999||||xxu|||||s|||||000 | eng d
040 _aPGUSA
_beng
042 _adc
050 4 _aPR
100 1 _aShakespeare, William,
_d1564-1616
245 1 4 _aThe Comedy of Errors
_h[electronic resource] /
_cWilliam Shakespeare
260 _bProject Gutenberg,
_c1999
506 _aCopyrighted. Read the copyright notice inside this book for details.
516 _aElectronic text
653 _aGreece -- Drama
653 _aShipwreck victims -- Drama
653 _aBrothers -- Drama
653 _aTwins -- Drama
653 _aComedies
653 _aMistaken identity -- Drama
830 0 _aProject Gutenberg
_v1769
856 4 0 _uhttp://www.gutenberg.org/ebooks/1769
942 _cEB
999 _c231113
_d231113